000 02443nam a2200457 i 4500
001 193299
003 SpMaBN
005 20250709194747.0
007 ta
008 231031s2015 sp | |||| 000 1dspa
017 _aM 12110-2015
_bOficina Depósito Legal Madrid
020 _a9788494391309
035 _a(OCoLC)911117267
035 _aa5647022
040 _aSpMaBN
_bspa
_cSpMaBN
_erdc
_dES-MaACL
080 _a929 Juana I, Reina de Casitlla (0:82)
080 _a821.112.2-32"18"
100 1 _aWassermann, Jakob,
_d1873-1934
_0XX1068579
_9116154
_eaut
245 1 0 _aDoña Juana de Castilla /
_cJakob Wassermann ; traducción de Carlos Fortea
250 _aPrimera edición: mayo de 2015
260 _a[Madrid] :
_bMármara,
_c2015.
300 _a84 páginas ;
_c16 cm
336 _aTexto (visual)
_2isbdcontent
337 _asin mediación
_2isbdmedia
338 _2rdacarrier
_avolumen
490 1 _aLa balsa de piedra ;
_v1
520 _aJuana I de Castilla, más conocida como Juana “la Loca”, es uno de los personajes más incomprendidos de la historia de España. Hija, esposa y madre de reyes, desde pequeña fue instruida para vivir según los demás dispusieran. En el relato que ahora presentamos, por primera vez traducido al castellano, se narra la vida de Doña Juana, desde su más tierna infancia hasta los últimos días de su solitaria existencia en el castillo de Tordesillas; acentuando el hecho capital que marcará su existencia, el matrimonio con Felipe “el Hermoso”, archiduque de Austria. Jakob Wassermann consigue crear un personaje inolvidable, mediante el empleo de un lenguaje cargado de lirismo y profundamente conmovedor.
534 _pTraducción de: Donna Johanna von Kastilien
600 0 _aJuana
_bI,
_cReina de Castilla-
_vNovelas
_2embne
_9234430
655 7 _aNovelas históricas
_2tgfbne
_9226782
700 1 _aFortea, Carlos,
_d1963-
_etrl
_951844
830 3 _aLa balsa de piedra (Madrid) ;
_9234520
_v1
852 _aES-MaACL
_9200739
_bR.154728
_jN-9502
_cDEPOJ
_hDonación: Carlos Fortea
_xEncuadernación rústica con solapas
903 _aFortea, Carlos,
_d1963-
_ednr
_951844
942 _n0
_cMONOGRAFIA
999 _c193299
_d193299